000 00401nam a22001697a 4500
003 MACL
005 20151223162551.0
008 151223b xxu||||| |||| 00| 0 eng d
040 _cMACL
041 _aEnglish
082 _a320/YAD
100 _aYadav D.P
_922569
245 _aIndian Politics
260 _aNew Delhi
_bMaxford Books
_c2009
650 _aPoloticial Science
_922570
942 _2ddc
_cBK
999 _c51758
_d51758